000 00851cam a2200229 4500
001 WB3842-16
008 021114n2002 000 0 eng u
035 _a(Sirsi) u120450
245 _aQueen's speech
260 _c2002
490 _aRICS Planning & Development Faculty News
_v13 November 2002 (1)
520 _aThe Queen's Speech announced government's commitment towards the planning and development agenda by the introduction of a Planning and Compulsory Purchase Bill for the new parliamentary session. http://www.rics.org/ricscms/bin/show?class=News&template=/includes/shownews.html&id=4170.
590 _aWB
650 _aQUEENS SPEECH
650 _aHOME INFORMATION PACKS
650 _aCompulsory purchase
_96228
650 _aHOUSING BILL 2003
650 _aGAZUMPING
650 _aRICS
690 _aLEGISLATION
942 _n0
999 _c71565
_d71565